| 000 | 00774 a2200205 4500 | ||
|---|---|---|---|
| 010 | _aENG-89330 | ||
| 020 |
_a8125922520 _c245.00 |
||
| 035 | _aEN-72863 | ||
| 037 | _bDBAD / PUB | ||
| 082 | 1 | 4 | _a005.8 |
| 090 |
_c10758 _d10758 |
||
| 100 | 1 | _aFadia, Ankit | |
| 245 | 1 |
_aIntrusion alert: _ban ethical hacking guide to intrusion detection/ _cby Ankit Fadia and Manu Zacharia |
|
| 260 |
_aNew Delhi _bVikas Publishing House _c2007 |
||
| 270 |
_a576, Masjid Road, Jangpura _bNew Delhi _cDelhi _e110014 _k0120-4078900 _l0120-4078900 _mwww.vikaspublishing.com |
||
| 300 |
_axiii, 262 p.: _bill. _c22 cm ( pbk.) |
||
| 700 | 1 | _aManu Zacharia | |
| 942 |
_adpl _cEN _k005.8/ FAD |
||
| 999 |
_c10462 _d10462 |
||